[Event "Barcelona La Lira op 33rd"]
[Site "Barcelona"]
[Date "2015.03.06"]
[Round "8"]
[White "Romero Funieles, Rafael de Jesus"]
[Black "Torras Lemos, Marc"]
[Result "1-0"]
[WhiteElo "1747"]
[BlackElo "1561"]
[PlyCount "45"]
[EventDate "2015.01.16"]
[EventType "swiss"]
[EventRounds "9"]
[EventCountry "ESP"]
[SourceTitle "EXT 2016"]
[Source "ChessBase"]
[SourceDate "2015.10.08"]
[SourceVersion "1"]
[SourceVersionDate "2015.10.08"]
[SourceQuality "1"]

1. e4 c6 2. d4 d5 3. e5 Bf5 4. Nf3 e6 5. Bd3 Bg4 6. h3 Bh5 7. g4 Bg6 8. c3 c5 9. a3 cxd4 10. cxd4 Nc6 11. Nc3 Bxd3 12. Qxd3 f6 13. 0-0 fxe5 14. dxe5 Qc7 15. Re1 Bc5 16. b4 Bb6 17. Nb5 Qd7 18. Nd6+ Kd8 19. b5 Na5 20. Bg5+ Kc7 21. Rac1+ Nc4 22. Nxc4 Rc8 23. Nd6+ 1-0

[Event "Barcelona Primavera La Lira op 7th"]
[Site "Barcelona"]
[Date "2014.05.22"]
[Round "5"]
[White "Permanyer Ugartemendia, Inaki"]
[Black "Torras Lemos, Marc"]
[Result "1-0"]
[WhiteElo "1598"]
[BlackElo "1561"]
[PlyCount "69"]
[EventDate "2014.04.03"]
[EventType "swiss"]
[EventRounds "9"]
[EventCountry "ESP"]
[SourceTitle "EXT 2015"]
[Source "ChessBase"]
[SourceDate "2014.11.20"]
[SourceVersion "1"]
[SourceVersionDate "2014.11.20"]
[SourceQuality "1"]

1. d4 d5 2. c4 e6 3. Nc3 Nf6 4. Bg5 Be7 5. e3 Nbd7 6. Nf3 c5 7. Rc1 0-0 8. Qc2 cxd4 9. exd4 dxc4 10. Bxc4 Nb6 11. Bd3 g6 12. 0-0 Bd7 13. Rfe1 Rc8 14. Qd2 Nbd5 15. Nxd5 Rxc1 16. Nxe7+ Qxe7 17. Qxc1 Rc8 18. Qf4 Nd5 19. Bxe7 Nxf4 20. Be4 Bc6 21. Bxc6 Rxc6 22. Bg5 Nd3 23. Re2 f6 24. Be3 Nb4 25. a3 Nd5 26. Ne1 Nxe3 27. fxe3 Rc1 28. Kf2 Rc7 29. Rc2 Rd7 30. Ke2 f5 31. Nd3 Kg7 32. Rc8 h5 33. Nc5 Re7 34. Rd8 g5 35. Rd7 1-0

[Event "Barcelona Primavera La Lira op 7th"]
[Site "Barcelona"]
[Date "2014.04.03"]
[Round "1"]
[White "Torras Lemos, Marc"]
[Black "Pla Carulla, Joaquim"]
[Result "0-1"]
[WhiteElo "1561"]
[BlackElo "2060"]
[PlyCount "66"]
[EventDate "2014.04.03"]
[EventType "swiss"]
[EventRounds "9"]
[EventCountry "ESP"]
[SourceTitle "EXT 2015"]
[Source "ChessBase"]
[SourceDate "2014.11.20"]
[SourceVersion "1"]
[SourceVersionDate "2014.11.20"]
[SourceQuality "1"]

1. d4 d5 2. c4 c6 3. Nc3 Nf6 4. Bf4 e6 5. c5 Nbd7 6. Nf3 Be7 7. Qc2 0-0 8. e3 b6 9. b4 a5 10. bxa5 bxc5 11. Ne5 Nxe5 12. dxe5 Nh5 13. Bd3 Qxa5 14. 0-0 f5 15. exf6 Nxf6 16. Be5 Ba6 17. Rfd1 Bxd3 18. Rxd3 Ng4 19. Bg3 Bf6 20. Rc1 c4 21. Rd2 c5 22. Ne2 Qa4 23. Qb1 Rfe8 24. Qb6 Qb4 25. Rb2 Qxb6 26. Rxb6 g5 27. Rc2 Ne5 28. Nc3 Nd3 29. a4 Kf7 30. Nb5 Re7 31. Ra2 Nb4 32. Nd6+ Kg6 33. Rd2 c3 0-1

[Event "Llinars del Valles op 5th"]
[Site "Llinars del Valles"]
[Date "2013.10.04"]
[Round "1"]
[White "Costa Trave, Jaume"]
[Black "Torras Lemos, Marc"]
[Result "1-0"]
[WhiteElo "2087"]
[BlackElo "1779"]
[PlyCount "59"]
[EventDate "2013.10.04"]
[EventType "swiss"]
[EventRounds "8"]
[EventCountry "ESP"]
[SourceTitle "CBM 157 Extra"]
[Source "ChessBase"]
[SourceDate "2013.12.19"]
[SourceVersion "1"]
[SourceVersionDate "2013.12.19"]
[SourceQuality "1"]

1. d4 d5 2. Nc3 Nf6 3. Bf4 Nc6 4. Nb5 e5 5. dxe5 Nh5 6. e3 Nxf4 7. exf4 Bc5 8. Qxd5 Bb6 9. Qxd8+ Nxd8 10. 0-0-0 a6 11. Nd4 Ne6 12. Nxe6 Bxe6 13. Rd2 0-0 14. Bd3 Rad8 15. Nf3 f6 16. f5 Bd5 17. e6 Ba5 18. Re2 Rfe8 19. Kb1 b5 20. Be4 Bc4 21. Re3 Bb6 22. Rc3 Bxf2 23. b3 Bd5 24. Bxd5 Rxd5 25. g4 c5 26. Rf1 b4 27. Rc4 Be3 28. c3 a5 29. Re1 Rd3 30. Kc2 1-0

[Event "Barcelona Primavera La Lira op 6th"]
[Site "Barcelona"]
[Date "2013.05.16"]
[Round "6"]
[White "Torras Lemos, Marc"]
[Black "Martinez Hernandez, Emili"]
[Result "0-1"]
[WhiteElo "1555"]
[BlackElo "1737"]
[PlyCount "92"]
[EventDate "2013.04.11"]
[EventType "swiss"]
[EventRounds "9"]
[EventCountry "ESP"]
[SourceTitle "CBM 154 Extra"]
[Source "ChessBase"]
[SourceDate "2013.06.25"]
[SourceVersion "2"]
[SourceVersionDate "2013.06.25"]
[SourceQuality "1"]

1. d4 Nf6 2. c4 g6 3. Nc3 d5 4. Bf4 c6 5. e3 Bg7 6. Bd3 0-0 7. Nge2 dxc4 8. Bxc4 Nbd7 9. 0-0 Nb6 10. Bb3 Nbd5 11. Be5 e6 12. Rc1 Qe7 13. e4 Nxc3 14. Nxc3 Rd8 15. Re1 Nd7 16. Bc7 Re8 17. d5 exd5 18. exd5 Qxe1+ 19. Qxe1 Rxe1+ 20. Rxe1 Bf8 21. Re8 Kg7 22. dxc6 bxc6 23. Ba4 Bb7 24. Rxa8 Bxa8 25. Ne2 Nc5 26. Bc2 Ne6 27. Be5+ f6 28. Bc3 c5 29. Bb3 Nc7 30. Nf4 Bd6 31. Ne6+ Nxe6 32. Bxe6 g5 33. b3 Be4 34. a3 Bg6 35. Bc4 Bf7 36. Bxf7 Kxf7 37. g3 Ke6 38. f3 Be5 39. Bxe5 Kxe5 40. b4 cxb4 41. axb4 Kd4 42. Kf2 Kc4 43. b5 Kxb5 44. Ke2 Kb4 45. Kd3 a5 46. Kc2 Kc4 0-1

[Event "Barcelona Primavera La Lira op 6th"]
[Site "Barcelona"]
[Date "2013.04.18"]
[Round "2"]
[White "Torras Lemos, Marc"]
[Black "Corominas Garrido, Jordi"]
[Result "0-1"]
[WhiteElo "1555"]
[BlackElo "1902"]
[PlyCount "58"]
[EventDate "2013.04.11"]
[EventType "swiss"]
[EventRounds "9"]
[EventCountry "ESP"]
[SourceTitle "CBM 154 Extra"]
[Source "ChessBase"]
[SourceDate "2013.06.25"]
[SourceVersion "2"]
[SourceVersionDate "2013.06.25"]
[SourceQuality "1"]

1. d4 e6 2. c4 f5 3. Nf3 Nf6 4. Nc3 d5 5. Bg5 c6 6. c5 Be7 7. Bxf6 Bxf6 8. e3 Nd7 9. Bd3 0-0 10. 0-0 Kh8 11. b4 b6 12. Nd2 bxc5 13. bxc5 Nxc5 14. dxc5 Bxc3 15. Rb1 Bxd2 16. Qxd2 e5 17. f3 f4 18. Rfd1 Qe7 19. Qc2 fxe3 20. Qa4 Rf6 21. Qa5 Bf5 22. Bxf5 Rxf5 23. Qc3 d4 24. Qc2 Raf8 25. Rdc1 Qe6 26. Rb7 Qd5 27. Qe2 e4 28. fxe4 Qxe4 29. Rxa7 Rf2 0-1

[Event "Barcelona La Lira op 31st"]
[Site "Barcelona"]
[Date "2013.02.22"]
[Round "6"]
[White "Torras Lemos, Marc"]
[Black "Gonzalez Canovas, Sebastian"]
[Result "0-1"]
[WhiteElo "1565"]
[BlackElo "1930"]
[PlyCount "76"]
[EventDate "2013.01.18"]
[EventType "swiss"]
[EventRounds "8"]
[EventCountry "ESP"]
[SourceTitle "EXT 2014"]
[Source "ChessBase"]
[SourceDate "2013.11.20"]
[SourceVersion "1"]
[SourceVersionDate "2013.11.20"]
[SourceQuality "1"]

1. d4 Nf6 2. Nf3 g6 3. Bf4 Bg7 4. c4 d6 5. Nc3 0-0 6. e4 Nh5 7. Bg5 Nc6 8. h3 Nf6 9. Be2 a6 10. 0-0 h6 11. Bh4 g5 12. Bg3 Nd7 13. Re1 e5 14. d5 Ne7 15. h4 g4 16. Nh2 h5 17. f3 f5 18. exf5 Nxf5 19. Bf2 g3 20. Bxg3 Nxg3 21. Ne4 Nxe4 22. fxe4 Qxh4 23. Bxh5 Nf6 24. Bg6 Ng4 25. Nf3 Qh6 26. Bf5 Bxf5 27. exf5 Rxf5 28. Re4 Nf6 29. Rh4 Rh5 30. Rxh5 Qxh5 31. Nh2 Qxd1+ 32. Rxd1 Rf8 33. Rf1 Nh5 34. Nf3 e4 35. Ng5 Rxf1+ 36. Kxf1 e3 37. Ne6 Bxb2 38. Nxc7 Ng3+ 0-1

[Event "Barcelona La Lira op 30th"]
[Site "Barcelona"]
[Date "2012.02.17"]
[Round "5"]
[White "Torras Lemos, Marc"]
[Black "Colom Andres, Xavier"]
[Result "0-1"]
[WhiteElo "1810"]
[BlackElo "1939"]
[PlyCount "48"]
[EventDate "2012.01.20"]
[EventType "swiss"]
[EventRounds "8"]
[EventCountry "ESP"]
[SourceTitle "EXT 2013"]
[Source "ChessBase"]
[SourceDate "2012.11.22"]
[SourceVersion "1"]
[SourceVersionDate "2012.11.22"]
[SourceQuality "1"]

1. d4 d5 2. c4 c6 3. e3 Nf6 4. Nf3 a6 5. a4 a5 6. Bd3 Na6 7. Nc3 Nb4 8. cxd5 Nxd3+ 9. Qxd3 Nxd5 10. Nxd5 cxd5 11. Bd2 e6 12. 0-0 Be7 13. b4 axb4 14. Bxb4 Bd7 15. Bxe7 Qxe7 16. a5 0-0 17. Ra3 Bb5 18. Qb3 Bxf1 19. Kxf1 Qc7 20. Qa2 Rfc8 21. g3 f6 22. e4 dxe4 23. Qxe6+ Kh8 24. Qxe4 Qc1+ 0-1

[Event "Barcelona La Lira op 30th"]
[Site "Barcelona"]
[Date "2012.01.27"]
[Round "2"]
[White "Torras Lemos, Marc"]
[Black "Pascual Gonzalez, Novelles Carle"]
[Result "0-1"]
[WhiteElo "1810"]
[BlackElo "1896"]
[PlyCount "86"]
[EventDate "2012.01.20"]
[EventType "swiss"]
[EventRounds "8"]
[EventCountry "ESP"]
[SourceTitle "EXT 2013"]
[Source "ChessBase"]
[SourceDate "2012.11.22"]
[SourceVersion "1"]
[SourceVersionDate "2012.11.22"]
[SourceQuality "1"]

1. d4 Nf6 2. c4 g6 3. Nc3 d5 4. Nf3 Bg7 5. Bf4 c6 6. e3 0-0 7. Be2 Nbd7 8. Qc2 dxc4 9. Bxc4 Nb6 10. Bb3 Nbd5 11. Be5 Bf5 12. e4 Nxc3 13. exf5 Nce4 14. Bxf6 Qa5+ 15. Ke2 exf6 16. fxg6 hxg6 17. Rhe1 f5 18. Rad1 Rad8 19. Rd3 Qb6 20. Red1 Rd6 21. Nd2 Rfd8 22. Nc4 Qc7 23. Nxd6 Qxd6 24. f3 Nf6 25. g3 Re8+ 26. Re3 Rxe3+ 27. Kxe3 f4+ 28. gxf4 Nh5 29. Qe4 Nf6 30. Qd3 Nh5 31. Kd2 Qxf4+ 32. Kc2 Qxh2+ 33. Kb1 Qd6 34. d5 Qe5 35. Rd2 Nf4 36. Qe4 Qg5 37. d6 Ne6 38. Bxe6 Qxd2 39. Bxf7+ Kxf7 40. Qc2 Qxc2+ 41. Kxc2 Ke6 42. b3 Kxd6 43. Kd3 Ke5 0-1